00739cam a22002293a 45000010005000000030006000050050017000110080041000280400015000690420007000840500009000911000036001002450090001362600029002265060030002555160020002856530058003056530021003636530056003848300028004408560041004689408PGUSA20140828083211.0051201s2005||||xxu|||||s|||||000 | eng d aPGUSAbeng adc 4aF1061 aWisthaler, Johanna Sara,d1868-10aBy Water to the Columbian Expositionh[electronic resource] /cJohanna Sara Wisthaler bProject Gutenberg,c2005 aPublic domain in the USA. aElectronic text aGreat Lakes (North America) -- Description and travel aNew York (State) aWorld's Columbian Exposition (1893 : Chicago, Ill.) 0aProject Gutenbergv940840uhttp://www.gutenberg.org/ebooks/9408